| 000 | 00910nam a2200217 i 4500 | ||
|---|---|---|---|
| 001 | bg | ||
| 100 | 1 | _aDANIŁOWICZ, Czesław | |
| 245 | 0 |
_aModele systemów wyszukiwania informacji uwzględniające preferencje użytkowników końcowych / _cCzesław Daniłowicz. |
|
| 260 |
_aWrocław : _bWydaw. PW, _c1992. |
||
| 300 |
_a123 s. ; _c24 cm. |
||
| 490 | 1 |
_aPrace Naukowe Biblioteki Głównej i Ośrodka Informacji Naukowo-Technicznej Politechniki Wrocławskiej. Monografie, _v3 |
|
| 500 | _aSer. gł. : 0860-7346 ; 6. | ||
| 504 | _aBibliogr. s. 88-94. | ||
| 710 | _aPOLITECHNIKA WROCŁAWSKA (Wrocław). Biblioteka Główna i Ośrodek Informacji | ||
| 830 | 0 |
_aPrace Naukowe Biblioteki Głównej i Ośrodka Informacji Naukowo-Technicznej Politechniki Wrocławskiej. _pMonografie ; _v3 |
|
| 040 | _cBPK | ||
| 041 | _apol | ||
| 080 | _a002.513.5 | ||
| 942 | _cKS | ||
| 008 | s pl f |000 0 pol | ||
| 999 |
_c30089 _d30089 |
||
| 856 |
_uhttp://koha.tu.koszalin.pl/cgi-bin/koha/opac-detail.pl?biblionumber=30089 _yKatalog online BPK |
||